Building Regulations (Record no. 82477)
[ view plain ]
| 000 -LEADER | |
|---|---|
| fixed length control field | 00892cam a22001935a 4500 |
| 001 - CONTROL NUMBER | |
| control field | L150364 |
| 008 - FIXED-LENGTH DATA ELEMENTS--GENERAL INFORMATION | |
| fixed length control field | 100705e2010 xxk 000 0 eng d |
| 035 ## - SYSTEM CONTROL NUMBER | |
| System control number | (Sirsi) u150364 |
| 041 0# - LANGUAGE CODE | |
| Language code of text/sound track or separate title | eng |
| 100 1# - MAIN ENTRY--PERSONAL NAME | |
| Personal name | Wilkinson, Geoff |
| 245 00 - TITLE STATEMENT | |
| Title | Building Regulations |
| Remainder of title | the new energy-efficiency requirements of Part L of the Building Regulations come into force on 1 October |
| 260 ## - PUBLICATION, DISTRIBUTION, ETC. | |
| Date of publication, distribution, etc. | 2010 |
| 490 ## - SERIES STATEMENT | |
| Series statement | Architects Journal |
| Volume/sequential designation | 232(1) 1 July 2010, 35-38(4) |
| 520 ## - SUMMARY, ETC. | |
| Summary, etc. | Changes take effect on 1 October 2010 for any project that has not submitted a Building Regulations application before that date, and will apply retrospectively to any project that has not commenced before 1 October 2011; includes graph showing zero carbon and time limit for new legislation; tables of limiting fabric parameters. |
| 590 ## - LOCAL NOTE (RLIN) | |
| Local note | KA |
| 651 #4 - SUBJECT ADDED ENTRY--GEOGRAPHIC NAME | |
| Geographic name | United Kingdom |
| 690 ## - LOCAL SUBJECT ADDED ENTRY--TOPICAL TERM (OCLC, RLIN) | |
| Topical term or geographic name as entry element | BUILT ENVIRONMENT |
| 942 ## - ADDED ENTRY ELEMENTS (KOHA) | |
| Suppress in OPAC | 0 |
| Withdrawn status | Lost status | Source of classification or shelving scheme | Damaged status | Not for loan | Home library | Current library | Shelving location | Date acquired | Total Checkouts | Full call number | Barcode | Date last seen | Copy number | Price effective from | Koha item type |
|---|---|---|---|---|---|---|---|---|---|---|---|---|---|---|---|
| Dewey Decimal Classification | London | London | Books | 05/07/2010 | L150364 | 150364-1001 | 06/08/2019 | 1 | 06/08/2019 | Book |